000 01003cam a2200301 i 4500
001 000006320
003 DO-SdBNP
005 20231010100200.0
007 ta
008 760408s1969 sp 000 f spa d
040 _aDO-SdBNP
_bspa
_cBNPHU
_erda
082 4 _a863.3
_bQ5vid
_222
100 1 _aQuevedo, Francisco de,
_d1580-1645.
_96261
_eautor
245 1 3 _aLa vida del buscón llamado don Pablos /
_cFrancisco de Quevedo ; edición, prólogo y notas, Fernando Lazaro Carreter.
264 _a[Barcelona] :
_bSalvat,
_c1969.
300 _a187 páginas ;
_c19 cm.
336 _2rdacontent
_atexto
_btxt
337 _2rdamedia
_asin mediación
_bn
338 _2rdacarrier
_avolumen
_bnc
490 _aBiblioteca básica Salvat
_v15
500 _aIncluye notas al pie de las páginas
590 _aInventariado, 2023/BT
650 4 _aNovela española
_91123
650 4 _aLiteratura española
_9632
700 1 _aLazaro Carreter, Fernando,
_eeditor
_97731
910 _aBtavárez
942 _2ddc
_cLBS1
999 _c6115
_d6115